000 00340nam a2200145Ia 4500
008 210210b1939 xxu||||| |||| 00| 0 eng d
041 _aeng
082 _a874/21
100 _aJOSEPH (M O)
245 _aPrabandharavatnavali
260 _a
_b-
_c1939
650 _aPrabandharavatnavali
690 _aMalayalam Criticism
906 _a002610
999 _c124580
_d124580